[Event "EU-chT (Men) 13th"]
[Site "Leon"]
[Date "2001.11.11"]
[Round "6.1"]
[White "Milov, Vadim"]
[Black "Bacrot, Etienne"]
[Result "1/2-1/2"]
[WhiteElo "2602"]
[BlackElo "2653"]
[Annotator "Lutz,C"]
[PlyCount "173"]
[EventDate "2001.11.06"]
[EventType "team-swiss"]
[EventRounds "9"]
[EventCountry "ESP"]
[SourceTitle "CBM 086"]
[Source "ChessBase"]
[SourceDate "2002.02.05"]
[SourceVersion "1"]
[SourceVersionDate "2002.02.05"]
[SourceQuality "1"]
[WhiteTeam "Switzerland"]
[BlackTeam "France"]
[WhiteTeamCountry "SUI"]
[BlackTeamCountry "FRA"]

1. d4 {Milov,V} d5 2. c4 c6 3. Nc3 Nf6 4. e3 e6 5. Nf3 Nbd7 6. Bd3 dxc4 7. Bxc4
b5 8. Bd3 a6 9. e4 c5 10. e5 cxd4 11. Nxb5 Nxe5 12. Nxe5 axb5 13. Bxb5+ Bd7 14.
Nxd7 Qa5+ 15. Bd2 Qxb5 16. Nxf8 Kxf8 {'?!' Milov,V.} ({Kasparov und Bareev
bevorzugen hier} 16... Rxf8 {Vielleicht nicht ohne Grund !?}) 17. a4 {Der
energischste Zug an dieser Stelle. Weiß opfert einen Bauern, kommt dafür aber
direkt zur Rochade.} (17. b3 $5 Nd5 $5 18. a4 Qd3 19. Qe2 Qxb3 20. O-O {
1/2-1/2 Bareev,E-Jussupow,A/Linares 1993/CBM 34/[Jussupow] (61)}) 17... Qxb2
18. O-O Ne4 (18... h5 {Milov,V} 19. Bf4 $36) 19. Qf3 {Es erscheint sinnvoll,
noch ...f7-f5 zu provozieren.} (19. Bf4 $6 Nc3 20. Qf3 Ke7 21. Rfe1 Rhd8 $13 {
Ftacnik,L. 0-1 Stull,N-Kuijf,M/Lyon 1990/CBM 18/[Ftacnik] (34)}) 19... f5 20.
Bf4 Qc3 {Die Stellung ist extrem scharf. Weiß hat einen Minusbauern, dafür
aber einen Freibauern auf der a-Linie und der schwarze König steht unsicher.
Allerdings kann diese Stellung schnell kippen: Kommt Schwarz z.B. zu ...h7-h6
und ...Kg8-h7, steht er plötzlich schlagartig gut. Weiß muss also äußerst
energisch handeln. Mir scheint in der konkreten Situation Weiß besser zu
stehen.} 21. Qh5 ({Unterhaltsam auch die folgende Partie:} 21. Qe2 d3 22. Qh5
Qf6 23. a5 g5 24. Be3 h6 25. Qd1 Rd8 26. a6 Kg7 27. a7 d2 28. Qb3 Nc3 29. Bxd2
Rxd2 30. a8=Q Rxa8 31. Rxa8 Ne4 32. Qb8 Kg6 33. Ra7 Rd8 34. Qc7 Nxf2 35. Qh7+
Kh5 36. Ra4 Ng4 37. h3 Ne3 38. g4+ Kh4 39. gxf5+ Kh5 40. Qb7 Nxf5 41. Qe4 Rd6
42. Qa8 Qd8 43. Qf3+ Kg6 44. Re4 Qf6 45. Qb3 Rc6 46. h4 Rd6 47. Qf3 h5 48. Rf2
g4 49. Qb3 Qa1+ 50. Rf1 Qa7+ 51. Kh1 Qe7 52. Rfe1 Kf7 53. Rf1 Qxh4+ 54. Kg1 Kf6
55. Qb7 Kg6 56. Qc8 Qe7 57. Qb8 Rc6 58. Rb4 Qc7 59. Qg8+ Ng7 60. Rbf4 Qa7+ 61.
Kh1 Qb7 62. Rf6+ Kg5 63. Rf7 Rc8+ 64. Rxb7 Rxg8 65. Re1 Kf6 66. Kg2 Rd8 67. Re2
Rd6 68. Rb8 Nf5 69. Rf8+ Kg5 70. Re8 Kf6 71. Rf8+ Kg7 72. Re8 Kf7 73. Rh8 h4
74. Ra8 Rd4 75. Ra6 Nd6 76. Ra5 Re4 77. Rxe4 Nxe4 78. Ra4 Nf6 79. Ra5 Nd5 80.
Ra4 Kf6 {0-1 Pinter,J-Tukmakov,V/Reggio Emilia 1987/CBM 05 (80)}) 21... d3 {
'?' Milov,V.} (21... Qc6 22. Be5 (22. Rfd1 $36 {Milov,V}) 22... Qe8 23. Qxe8+
Rxe8 24. Bxd4 Nd2 25. Rfd1 Nb3 26. Rab1 Nxd4 27. Rxd4 Kf7 28. a5 Rb8 29. Ra1
Rb7 30. a6 Ra8 31. Kf1 Ke7 32. Ke2 Rba7 33. Rda4 Kd6 34. Kd3 Kc6 35. Kd4 Kd6
36. f4 Rb8 37. R1a2 Rb6 38. Kc3 Rc6+ 39. Kb4 Rb6+ 40. Kc4 Rc7+ 41. Kd4 Ra7 {
1/2-1/2 Niemela,A-Koskinen,H/Helsinki 1995/EXT 99 (41)}) 22. Rac1 Qf6 23. Rc7
Qg6 (23... g6 {Milov,V} 24. Qh6+ (24. Qd1 {Milov,V} g5 $1) (24. Qf3 {Milov,V}
Qd4) 24... Ke8 (24... Kg8 {Milov,V} 25. Rb1) 25. f3 Nc3 26. Bg5 Qd4+ 27. Kh1
Nd5 28. Rxh7 Rxh7 29. Qxh7 Rxa4 30. Rc1 $1 Rc4 31. Re1 Qb6 32. Qxg6+ Kd7 33.
Qf7+ Kc8 34. Qe8+ Kb7 35. Rxe6 Qb2 36. Qd7+ Nc7 37. Re1 Rd4 38. Qxf5 d2 39. Rd1
Qc1 40. Qb1+ $18) 24. Qf3 $146 (24. Qh4 Qf6 25. Qh5 Qg6 26. Qh4 Qf6 {1/2-1/2
Lengyel,F-Kiss,P/HUN 1995/EXT 2000 (26)}) 24... Rd8 25. Rd1 d2 26. Be5 {
'+-' Milov,V.} Nf6 27. a5 $16 (27. Qa3+ $5 {Milov,V} Kg8 28. Qe7 Re8 29. Qd6)
27... h6 28. Qb3 Nh5 (28... Ne8 $5 29. Rc2 $16 (29. Rb7 {Milov,V})) 29. a6 $2 (
29. Rxd2 $1 $18 Rxd2 30. Rc8+ Qe8 (30... Ke7 31. Qb4+ Kf7 32. Qb7+) 31. Rxe8+
Kxe8 32. Qxe6+ Kd8 33. f4 {nebst Vormarsch des a-Bauern gewinnt leicht.} (33.
g4 {Milov,V} fxg4 34. Qxg4 $18)) 29... f4 $6 (29... Kg8 $5 $16) 30. f3 $2 (30.
Rxd2 $1 $18 Rxd2 31. Qb8+ Qe8 32. Qb4+) 30... Kg8 31. a7 Kh7 {Jetzt ist die
Stellung aus praktischer Sicht nicht mehr so einfach, da der schwarze König
sich in Sicherheit gebracht hat.} 32. Rb7 {'?!' Milov,V.} (32. Qc2 {Milov,V})
32... Rd3 33. Qb2 $2 (33. Qa4 $1 $18 {gewinnt immer noch:} Re3 34. Rb8 Rxe5 (
34... Rc8 $5 {stellt eine hübscher Falle:} 35. Rxc8 Rxe5 36. a8=Q $2 (36. Rxd2
Qb1+ 37. Rd1 Re1+ 38. Kf2 Rxd1 39. Qe4+ Qxe4 40. fxe4 Ra1 41. a8=Q Rxa8 42.
Rxa8 $16) (36. Rh8+ Kxh8 37. a8=Q+ Kh7 38. Qb8 $1 $18 {/\ Qb1}) 36... Re1+ 37.
Kf2 Qg3+ $1 38. hxg3 fxg3#) (34... Re2 {Milov,V} 35. Rxh8+ Kxh8 36. a8=Q+ Kh7
37. Q8e4 $18) (34... Re1+ {Milov,V} 35. Kf2) 35. Rxd2 $5 (35. Rxh8+ Kxh8 36.
a8=Q+ Kh7 37. Qb8 $1 $18 Re1+ 38. Kf2 Qg3+ 39. hxg3 fxg3+ 40. Qxg3) 35... Rc8
36. a8=Q $1 $18) 33... Rc8 {'!' Milov,V.} 34. Rb8 {# '??' Milov,V.} (34. Rc7 {
Milov,V}) 34... Rc1 $1 35. Rh8+ Kxh8 36. a8=Q+ Kh7 37. Rxc1 $2 (37. Qa4 $142
Re3 38. Qxd2 (38. Bc3 $4 {Milov,V} Re1+) 38... Rxd1+ 39. Qdxd1 Rxe5 $11) 37...
d1=Q+ {'!' Milov,V.} 38. Rxd1 Rxd1+ 39. Kf2 Ng3 $1 $17 {'->!' Milov,V. Das
Blatt hat sich komplett gewendet. Trotz seiner zwei Damen steht Weiß hart am
Abgrund.} 40. Qa6 {'[]' Milov,V.} (40. hxg3 $2 Qxg3+ 41. Ke2 Qe1#) 40... Nh1+
41. Ke2 Rg1 $1 42. Qd3 {'!' Milov,V.} (42. Qab6 $5 {Milov,V} Rxg2+ (42... Qxg2+
{Milov,V} 43. Kd3) 43. Kf1 $11) 42... Rxg2+ 43. Kf1 Rg1+ 44. Ke2 Re1+ 45. Kxe1
Qxd3 46. Qe2 {'!' Milov,V.} Qb1+ 47. Qd1 Qxd1+ (47... Qb5 {Milov,V} 48. Qe2)
48. Kxd1 Nf2+ (48... g5 49. Ke2 Kg6 (49... h5 {Milov,V} 50. Kf1 h4 51. Kg2 Ng3
52. hxg3 hxg3 53. Kh3 Kg6 54. Kg4 $11) 50. Kf1 Kf5 51. Bd6 {/\ Kg2}) 49. Ke2
Nh3 50. Kf1 Kg6 51. Kg2 Ng5 52. Bxf4 $15 {Die Stellung sollte jetzt remis sein,
obwohl Schwarz natürlich noch lange spielen kann.} Kf5 53. Bc1 e5 54. Kg3 Ne6
55. Bd2 Nd4 56. Bb4 h5 57. Ba5 g6 58. Bb4 Ke6 59. Ba5 Kd5 60. Kf2 Nc6 61. Bb6
Ne7 62. Bd8 Nf5 63. Ke2 Nd4+ 64. Ke3 Nf5+ 65. Ke2 Ke6 66. Kd3 Nd6 67. Ke3 Kf5
68. Kf2 Kf4 69. Be7 Nc4 70. Bb4 g5 71. h3 Nb6 72. Bd2+ Kf5 73. Ba5 Nd5 74. Kg3
Nf4 75. Bd8 h4+ 76. Kh2 Ne6 77. Bb6 (77. Ba5 {Milov,V} Kf4 78. Kg2 Ke3 $19)
77... Kf4 78. Kg2 Nd4 79. Kf2 Nxf3 80. Be3+ Ke4 81. Bc1 Nd4 82. Bxg5 Nf5 83.
Ke2 Kd4 84. Kf3 e4+ 85. Kg4 Ke5 86. Bf4+ Ke6 87. Bc1 1/2-1/2

[Event "HUN-ch"]
[Site "Lillafured"]
[Date "1999.02.09"]
[Round "9"]
[White "Horvath, Csaba"]
[Black "Acs, Peter"]
[Result "1-0"]
[WhiteElo "2524"]
[BlackElo "2521"]
[Annotator "Lutz,C"]
[PlyCount "51"]
[EventDate "1999.02.01"]
[EventType "tourn"]
[EventRounds "9"]
[EventCountry "HUN"]
[EventCategory "13"]
[SourceTitle "CBM 070"]
[Source "ChessBase"]
[SourceDate "1999.06.08"]
[SourceVersion "1"]
[SourceVersionDate "1999.06.08"]
[SourceQuality "1"]

1. Nf3 d5 2. c4 c6 3. e3 Nf6 4. Nc3 e6 5. d4 Nbd7 6. Bd3 dxc4 7. Bxc4 b5 8. Bd3
a6 9. e4 c5 10. e5 cxd4 11. Nxb5 axb5 12. exf6 gxf6 13. O-O Qb6 14. Qe2 Ra5
$146 ({Die Variante} 14... Ba6 15. Rd1 $1 {aus Gelfand,B-Shirov,A/Linares 1997
gilt derzeit als schwierig ür Schwarz. Deshalb wird momentan 11...Nxe5 der
Vorzug gegeben.}) 15. Bf4 Bb7 16. Rfc1 Bd6 $6 (16... Nc5 $5 17. Nxd4 Rg8 (17...
Nxd3 18. Qxd3 e5 19. Nf5) 18. Nf3 Nxd3 19. Qxd3 Bc5 {erscheint mir noch nicht
ganz klar, z.B.} 20. b4 Bxf2+ (20... Bxb4 21. Bc7 $18) 21. Kf1 Ra8 22. Qxh7 Rf8
23. Bh6 Bd5 24. Bxf8 Kxf8 {, und die weiße Mehrqualität fällt kaum ins Gewicht.
}) (16... e5 $2 17. Nxe5 fxe5 18. Bxe5 {Einer der schwarzen Türme muß dran
glauben:} Rg8 19. Bc7+ Qe6 20. Bxa5 Rxg2+ 21. Kf1 Rxh2 22. Qxe6+ fxe6 23. Ke2
$18) 17. Bxd6 Qxd6 18. Be4 $16 {Die schwarze Stellung ist bereits bedenklich.}
Bxe4 $6 (18... Ba6 19. Qd2 b4 20. Rc6 $16) (18... Qb8 19. Nxd4 Bxe4 (19... O-O
20. Bxh7+ Kxh7 21. Qh5+ Kg7 22. Qg4+ Kh7 23. Rc3 $18) 20. Qxe4 $16) (18... Qb6
19. Nxd4 (19. Bxb7 $6 Qxb7 20. Nxd4 Rg8 21. Nc6 (21. f3 Rg5 $132) 21... Ne5 22.
Qc2 Ra6 23. Qxh7 Kf8 24. Qh6+ Ke8 25. Qh7 $11) 19... Qxd4 (19... O-O 20. Bxh7+
Kxh7 21. Qh5+ Kg7 22. Qg4+ Kh7 23. Rc3 $18) 20. Bxb7 Ke7 (20... O-O 21. Rd1 $18
) 21. Bc6 $16) 19. Rc8+ Ke7 20. Rxh8 Qd5 $6 21. Qd2 Ra4 22. b3 Ra6 23. Nxd4 Rd6
(23... Bxg2 24. Rd1 $18) 24. Qa5 Nf8 25. Qa7+ Nd7 (25... Rd7 26. Qa3+ Qd6 27.
Nxb5 Qxa3 28. Nxa3 $18) 26. Qc7 1-0

[Event "RUS-Cup10"]
[Site "Tomsk"]
[Date "1997.07.25"]
[Round "4"]
[White "Landa, Konstantin"]
[Black "Filippov, Valerij"]
[Result "1/2-1/2"]
[WhiteElo "2560"]
[BlackElo "2535"]
[Annotator "Lutz,C"]
[PlyCount "111"]
[EventDate "1997.07.21"]
[EventType "swiss"]
[EventRounds "9"]
[EventCountry "RUS"]
[SourceTitle "EXT 2000"]
[Source "ChessBase"]
[SourceDate "1999.11.16"]
[SourceVersion "1"]
[SourceVersionDate "1999.11.16"]
[SourceQuality "1"]

1. d4 d5 2. c4 c6 3. Nf3 Nf6 4. Nc3 e6 5. e3 Nbd7 6. Bd3 dxc4 7. Bxc4 b5 8. Bd3
a6 9. e4 c5 10. e5 cxd4 11. Nxb5 axb5 12. exf6 Qb6 {Ein altes Abspiel, das
nicht besonders populär ist.} (12... gxf6 13. O-O Qb6 {war in der letzten Zeit
deutlich beliebter, aber nach} 14. Qe2 Ba6 15. Rd1 $1 {stand der Schwarze in
Gelfand,B-Shirov,A/Linares 1997 unter starkem Druck.}) 13. fxg7 Bxg7 14. O-O
Bb7 15. Re1 {Die schwarze Bauernstruktur ist eher schwach als stark, daher
steht Weiß besser.} Nc5 16. Bf4 Nxd3 17. Qxd3 Bxf3 18. Qxf3 O-O 19. Qg3 Kh8 20.
Rac1 (20. Be5 $2 {Lockt die Bauern zum falschen Zeitpunkt nach vorne.} f6 21.
Bd6 Rfe8 22. Rac1 Rac8 23. b4 e5 {Nun kann Schwarz die Kraft seiner
vorgerückten Bauern demonstrieren.} 24. Bc5 Qb7 25. Qd3 Qd7 26. Rc2 e4 27. Qb3
f5 28. Rd2 d3 29. Rdd1 Re6 30. Rxd3 exd3 {0-1 Bogoljubow,E-Schmidt,P/Salzburg
1943/HCL 01}) 20... Rac8 (20... Rxa2 21. Bc7 Qb7 22. Be5 Rg8 23. Rc7 Qb8 24.
Rec1 Ra8 25. h4 $16 {gemäß ECO "D".}) 21. Bc7 (21. h4 $5 $16 {Szabo-Foltys,
Budapest 1948}) 21... Qb7 22. Be5 Rg8 23. Rxc8 Qxc8 24. Bxg7+ Rxg7 25. Qd6 h6
26. Qxd4 Qa8 27. g3 Qxa2 28. Qd2 Kh7 29. Qd3+ Rg6 30. Qxb5 $16 Rg5 31. Qd3+ Kg7
32. Qd4+ Kh7 33. Rc1 Rd5 34. Qe4+ Kg7 35. Qg4+ Kf6 36. Qf4+ Kg6 37. Qg4+ Kf6
38. Qf4+ Kg6 39. Qe4+ Kg7 40. Qb4 Qa7 41. Qc3+ Qd4 42. Kf1 Kf6 43. Qxd4+ Rxd4
44. Rb1 Rb4 45. b3 Ke5 46. Ke2 Kd4 47. Rd1+ Ke5 48. Rb1 Kd4 49. Rd1+ Ke5 50.
Rd3 Rb7 51. Kd2 h5 52. Kc3 Rc7+ 53. Kb2 Rb7 54. Kc3 Rc7+ 55. Kb2 Rb7 56. Rc3
1/2-1/2

[Event "FIDE-Wch k.o."]
[Site "New Delhi/Teheran"]
[Date "2000.12.01"]
[Round "2.2"]
[White "Vaganian, Rafael A"]
[Black "Bareev, Evgeny"]
[Result "1-0"]
[WhiteElo "2623"]
[BlackElo "2702"]
[Annotator "Lutz,C"]
[PlyCount "139"]
[EventDate "2000.11.27"]
[EventType "k.o."]
[EventRounds "7"]
[EventCountry "IND"]
[SourceTitle "CBM 081"]
[Source "ChessBase"]
[SourceDate "2001.03.20"]
[SourceVersion "1"]
[SourceVersionDate "2001.03.20"]
[SourceQuality "1"]

1. d4 d5 2. c4 c6 3. Nc3 Nf6 4. Nf3 e6 5. e3 Nbd7 6. Bd3 dxc4 7. Bxc4 b5 8. Bd3
a6 9. e4 c5 10. e5 cxd4 11. Nxb5 Nxe5 12. Nxe5 axb5 13. Bxb5+ Bd7 14. Nxd7 Qa5+
15. Bd2 Qxb5 16. Nxf8 Rxf8 17. a4 Qc4 18. Qf3 $5 $146 {Ein neuer Zug, dem
unerwarteter Erfolg beschieden ist.} (18. b3 Qd3 19. Qf3 Qe4+ $1 20. Qxe4 Nxe4
21. b4 Ke7 22. f3 Nc3 $11 23. Bxc3 dxc3 24. Ke2 Rfd8 25. Rhd1 c2 26. Rdc1 $146
Rd4 27. Rxc2 Rxb4 28. a5 {1/2-1/2 Kramnik,V-Kasparov,G/Wijk aan Zee 1999/CBM
69/[Lutz] (28)}) (18. a5 $5 $146 Nd5 19. h4 Kd7 20. Ra4 Qd3 21. Rh3 Qe4+ 22.
Kf1 Rfb8 23. Bc3 $1 Nxc3 24. Rxd4+ Ke8 25. Rxc3 Qe5 26. Qa4+ Qb5+ $2 27. Qxb5+
Rxb5 28. b4 $18 Rab8 29. Rc7 e5 30. Rg4 g6 31. a6 Ra8 32. a7 Rd5 33. Rgc4 {
1-0 Avrukh,B-Ivanov,S/St Petersburg 1999/CBM 72/[Lutz] (33)}) 18... Rc8 $5 ({
Warum nicht eine Bauern nehmen :} 18... Rxa4 $5 19. Rxa4 Qxa4 20. O-O Nd5 $13 {
mit einer unklaren Stellung.}) 19. b3 Qc2 $2 ({Schwarz muss die Dame auf der
Diagonalen a6-f1 halten, um die weiße Rochade zu verhindern.} 19... Qa6 20. Qe2
$5 (20. b4 Qc4 21. Rc1 $2 Qxc1+ 22. Bxc1 Rxc1+) 20... Qxe2+ 21. Kxe2 $14 {
und mein Eindruck ist, dass Weiß im Vergleich besser steht als in der Partie
Kramnik-Kasparov (s.o.).}) 20. Bb4 Rg8 21. O-O $16 {Weiß hat klaren Vorteil,
da er ohne Probleme zur Rochade gekommen ist, während Schwarz wegen seines
schlafenden Rg8 nun kräftig leiden muss.} Nd5 22. Ba3 Qc3 23. Qh5 Qc6 $6 ({
Wenn schon leiden, dann wenigstens noch so viele Bauern wie möglich mitnehmen:
} 23... Qxb3 $5 24. Qxh7 Nf6 25. Qh4 $16) 24. Rad1 g5 25. Qxh7 Nf6 26. Qd3 $18
Rd8 27. Rc1 Qb7 28. Rfe1 Rh8 29. Qf5 Nd5 30. Qxg5 {Mit zwei Mehrbauern ist der
Sieg nur noch eine Frage der Technik.} Ne7 31. Qe5 Rg8 32. g3 Rd5 33. Qf4 Rd7
34. Bxe7 Kxe7 35. Red1 Qd5 36. Qh4+ Qg5 37. Qxg5+ Rxg5 38. f4 Rgd5 39. Kf2 f6
40. Kf3 e5 41. fxe5 fxe5 42. Ke4 Ke6 43. Rc6+ R7d6 44. Rdc1 d3 45. Rxd6+ Rxd6
46. Rd1 d2 47. a5 Rd5 48. a6 Rd4+ 49. Ke3 Rd6 50. Rxd2 Rxa6 51. b4 Ra3+ 52. Rd3
Ra2 53. Rb3 Rxh2 54. b5 Kd7 55. b6 Kc8 56. Ke4 Rh5 57. g4 Rg5 58. b7+ Kb8 59.
Kf3 Rg7 60. Kg3 Rg8 61. Rb1 Rg7 62. Rb6 Re7 63. Rb3 Rg7 64. Rb1 Rg8 65. Rb2 Rg7
66. Kh4 Re7 67. Kg5 Re8 68. Rb3 Rf8 69. Kg6 e4 70. Re3 1-0

[Event "Linares Anibal op 04th"]
[Site "Linares"]
[Date "1997.??.??"]
[Round "8"]
[White "Lalic, Bogdan"]
[Black "Becerra Rivero, Julio"]
[Result "1-0"]
[WhiteElo "2585"]
[BlackElo "2510"]
[Annotator "Lutz,C"]
[PlyCount "49"]
[EventDate "1997.02.??"]
[EventType "swiss"]
[EventRounds "10"]
[EventCountry "ESP"]
[SourceTitle "CBM 058"]
[Source "ChessBase"]
[SourceDate "1997.06.01"]
[SourceVersion "1"]
[SourceVersionDate "1997.06.01"]
[SourceQuality "1"]

1. d4 {Petursson} d5 2. c4 c6 3. Nf3 Nf6 4. Nc3 e6 5. e3 Nbd7 6. Bd3 dxc4 7.
Bxc4 b5 8. Bd3 a6 9. e4 c5 10. e5 cxd4 11. Nxb5 Nxe5 12. Nxe5 axb5 13. O-O Qd5
14. Qe2 Ba6 15. Bg5 Bd6 $2 {Dieser Zug stellt einen glatten Tempoverlust dar.
Besser sind 15...Be7 oder 15...h6.} (15... Be7) (15... h6) 16. f4 $16 Bxe5 (
16... O-O 17. Bxf6 gxf6 18. Qg4+ Kh8 19. Qh4 f5 20. Qf6+ Kg8 21. Rf3 $18) 17.
fxe5 Bb7 (17... Nd7 18. Be4 Qxe5 19. Bf4 $18) 18. Bxf6 gxf6 19. Bxb5+ Kf8 20.
Rxf6 Rg8 21. Rf2 Rxa2 $6 (21... Rg5 $16 {Petursson}) 22. Rxa2 Qxa2 23. Rxf7+
Kxf7 24. Qf1+ Kg6 25. Qf6+ (25. Qf6+ Kh5 26. Be2+ Rg4 (26... Bf3 {Petursson}
27. Bxf3+ Rg4 28. Bxg4+ Kxg4 29. h3+ Kg3 30. Qf2#) 27. Bxg4+ Kxg4 28. h3+ Kh5 (
28... Kg3 29. Qg5#) 29. g4#) 1-0

[Event "EU-ch 2nd"]
[Site "Ohrid"]
[Date "2001.06.06"]
[Round "6"]
[White "Huzman, Alexander"]
[Black "Kuczynski, Robert"]
[Result "1-0"]
[WhiteElo "2578"]
[BlackElo "2509"]
[Annotator "Lutz,C"]
[PlyCount "121"]
[EventDate "2001.06.01"]
[EventType "swiss"]
[EventRounds "13"]
[EventCountry "YUG"]
[SourceTitle "CBM 084"]
[Source "ChessBase"]
[SourceDate "2001.09.13"]
[SourceVersion "1"]
[SourceVersionDate "2001.09.13"]
[SourceQuality "1"]

1. d4 d5 2. c4 c6 3. Nf3 Nf6 4. Nc3 e6 5. e3 Nbd7 6. Bd3 dxc4 7. Bxc4 b5 8. Bd3
a6 9. e4 c5 10. e5 cxd4 11. Nxb5 axb5 {Dieser Zug war eine Weile populär, aber
derzeit scheint Schwarz hier Probleme zu haben.} (11... Nxe5) 12. exf6 gxf6 13.
O-O Qb6 14. Qe2 $1 (14. Be4 Bb7 {bringt Weiß nichts ein, wie etliche Partien
gezeigt haben.}) 14... Ba6 15. Rd1 $1 {Dieser Zug ist das schwarze Problem.
Schwarz hat zwar immer noch einen Bauern mehr, aber er hat einen
Entwicklungsrückstand und die Bauern auf b5 und d4 sind schwach.} Rd8 (15...
Bc5 $6 16. a3 Bb7 17. Bxb5 $16 {1/2-1/2 Gelfand,B-Shirov,A/Linares 1997/CBM 57/
[Shirov] (44)}) 16. Bf4 $5 $146 (16. b4 $5 Bxb4 17. Rb1 Bc3 $5 (17... Bc5 $5
18. Bf4 $40 {1-0 Tkachiev,V-Van der Wiel,J/Cannes 1999/CBM 74/[Lutz] (40)}) 18.
Bxb5 Bxb5 19. Rxb5 Qc6 20. Bb2 $1 Rg8 $1 21. g3 Rg4 $1 $13 {1/2-1/2 Cifuentes
Parada,R-Korneev,O/Seville 2001/CBM 80 ext/[Cifuentes] (28)}) (16. a4 Nc5 17.
axb5 Bb7 18. Bc2 Rg8 19. Bf4 Rg4 20. Bg3 h5 21. Kh1 Ne4 22. Bxe4 Rxe4 $132 {
1-0 Seres,L-Mann,G/HUN 1998/EXT 2000 (38)}) 16... Nc5 17. Rac1 Nxd3 18. Qxd3 b4
$2 {Schwarz hat vermutlich den folgenen Zwischenzug unterschätzt.} (18... e5 $5
{erscheint besser, um den Bf4 auszusperren. Mir ist nicht klar, wie Weiß dann
weiterfortsetzt:} 19. Bd2 {nebst Nh4-f5 mit weißer Kompensation erscheint mir
dann am besten, aber direkt verzweifeln muss Schwarz noch nicht.} (19. Nxe5 {
funktioniert nicht richtig, wie Cifuentes Parada angibt:} fxe5 20. Bxe5 Rg8 21.
Bxd4 Qb7 22. Qe3+ Be7 23. f3 Rd6 $1)) 19. Bc7 $1 Qb7 (19... Qxc7 20. Qxa6 $18)
(19... Qa7 20. Qb3) 20. Qb3 Rd5 (20... Rd7 21. Rxd4 Rxc7 22. Rxc7 Qxc7 23. Qa4+
Ke7 24. Qxb4+ Ke8 25. Qa4+ $18) 21. Rxd4 Bh6 22. Rxd5 Qxd5 23. Qxd5 exd5 24.
Rc6 {Schwarz wird nun zwar nicht mehr mattgesetzt, verliert aber einen Bauern.}
Bd3 25. Ba5 b3 26. axb3 $16 O-O 27. g3 Ra8 28. b4 Bf8 29. Nd4 f5 30. Rc3 Bb1
31. Rc1 Be4 32. f3 Bg7 33. Bb6 Bd3 34. Rc3 Bc4 35. b3 Rb8 36. Bc5 Rc8 37. Re3
Bxd4 38. Bxd4 Bb5 39. Re5 f4 40. Rg5+ Kf8 41. Bc5+ Ke8 42. Re5+ Kd7 43. Re7+
Kc6 44. Rxf7 fxg3 45. hxg3 Bd3 46. Rf6+ Kc7 47. Kf2 Re8 48. Be3 Re7 49. g4 Bc2
50. Bc5 Rg7 51. Bd4 Bxb3 52. Ra6 Rd7 53. Ra7+ Kc8 54. Rxd7 Kxd7 55. b5 Bd1 56.
b6 Kd6 57. Kg3 Be2 58. f4 h5 59. gxh5 Bxh5 60. f5 Be8 61. Kf4 1-0

[Event "Maroczy Memorial"]
[Site "Szeged"]
[Date "1997.11.19"]
[Round "6"]
[White "Wells, Peter K"]
[Black "Ivanisevic, Ivan"]
[Result "1-0"]
[WhiteElo "2530"]
[BlackElo "2540"]
[Annotator "Lutz,C"]
[PlyCount "63"]
[EventDate "1997.11.14"]
[EventType "tourn"]
[EventRounds "9"]
[EventCountry "HUN"]
[EventCategory "13"]
[SourceTitle "CBM 062"]
[Source "ChessBase"]
[SourceDate "1998.01.31"]
[SourceVersion "1"]
[SourceVersionDate "1998.01.31"]
[SourceQuality "1"]

1. d4 d5 2. c4 c6 3. Nc3 Nf6 4. e3 e6 5. Nf3 Nbd7 6. Bd3 dxc4 7. Bxc4 b5 8. Bd3
a6 9. e4 c5 10. e5 cxd4 11. Nxb5 axb5 12. exf6 gxf6 13. O-O Qb6 14. Qe2 (14.
Be4 Bb7 {verspricht nichts für Weiß.}) 14... Ba6 15. Rd1 {Dieser Zug ist
kritisch für die Bewertung der Variante 11...axb5 12.exf6 gxf6.} (15. a4 {
wurde einige Male probiert, ist aber nicht zu fürchten.}) 15... Nc5 {Ein
Vorschlag von O.Romanov.} (15... Bc5 $6 {1/2-1/2 Gelfand,B-Shirov,A/
Linares14th 1997/CBM 57/[Shirov] (43)}) 16. Nxd4 Rd8 (16... Nxd3 17. Qxd3 (17.
Rxd3 $2 b4 $1 (17... Rd8 $2 18. Nxe6 $1 $18) 18. Qf3 Rd8 $19 {Romanov}) 17...
Rd8 18. Be3 {führt zur Partie.}) 17. Be3 Nxd3 18. Qxd3 Qb7 {Dieser Zug sieht
gekünstelt aus, es ist aber nicht leicht, Alternativen vorzuschlagen.} (18...
e5 19. Re1 Be7 (19... exd4 $2 20. Bxd4+ Be7 21. Qa3 $1 $18) 20. Nf5 Rxd3 21.
Bxb6 $16 {Romanov}) (18... Bc5 19. Qe4 {/\ b4 Romanov}) 19. Qb3 Rg8 20. f3 Rd5
21. Rac1 {Der schwarze König ist in der Mitte steckengeblieben und der Rg8
spielt nicht mit. Durch diese Partie kann 15.Rd1! also auch nicht entkräftet
werden.} Qd7 22. Ne2 Rxd1+ 23. Rxd1 Qc8 24. Nc3 Bb7 25. Qxb5+ Bc6 26. Qe2 Qb7
27. Ne4 Be7 28. Kh1 f5 29. Nd6+ Bxd6 30. Rxd6 h5 31. Bc5 Rg6 32. Qe5 1-0